[Event "Chigorin Memorial Open"]
[Site "St Petersburg RUS"]
[Date "2011.10.18"]
[Round "5.24"]
[White "Girya, Olga"]
[Black "Ionov, Sergey"]
[Result "1/2-1/2"]
[WhiteTitle "WGM"]
[BlackTitle "GM"]
[WhiteElo "2390"]
[BlackElo "2540"]
[WhiteFideId "4195752"]
[BlackFideId "4100875"]
[EventDate "2011.10.14"]

1. d4 Nf6 2. c4 e6 3. Nf3 c5 4. d5 exd5 5. cxd5 g6 6. e4 d6 7. Bd3 Bg7 8. h3 O-O
9. O-O Nbd7 10. Nc3 a6 11. Bf4 Qe7 12. a4 Nh5 13. Bh2 Ne5 14. Re1 Nxf3+ 15. Qxf3
Be5 16. Qe3 g5 17. Bxe5 Qxe5 18. Be2 Nf4 19. Bg4 Re8 20. Qf3 c4 21. Rab1 Bxg4
22. hxg4 Rab8 23. Re3 b5 24. axb5 axb5 25. Ne2 Nxe2+ 26. Qxe2 Ra8 27. Qd2 Ra2
28. Qc3 Qf4 29. Rbe1 Qe5 30. Rb1 Qf4 31. Rbe1 Qe5 32. Rb1 Qf4 33. Rbe1 Qe5 1/2-1/2

[Event "Chigorin Memorial Open"]
[Site "St Petersburg RUS"]
[Date "2011.10.18"]
[Round "5.25"]
[White "Gabrielian, Artur"]
[Black "Khakimov, Timur"]
[Result "1-0"]
[WhiteTitle "GM"]
[BlackTitle "IM"]
[WhiteElo "2531"]
[BlackElo "2281"]
[WhiteFideId "4131002"]
[BlackFideId "4169115"]
[EventDate "2011.10.14"]

1. Nf3 Nf6 2. g3 d5 3. Bg2 g6 4. O-O Bg7 5. d3 O-O 6. Nbd2 d4 7. Nc4 Nd5 8. e4
dxe3 9. fxe3 b5 10. Nce5 Bb7 11. c4 bxc4 12. dxc4 Nb6 13. Qxd8 Rxd8 14. Nxf7 Rf8
15. N7g5 Rf6 16. c5 Na4 17. e4 Nxc5 18. e5 Ra6 19. Be3 Ncd7 20. Rad1 h6 21. Nf7
Rxa2 22. Nxh6+ Bxh6 23. Bxh6 Rxb2 24. Bh3 Bxf3 25. Rxf3 Nxe5 26. Rf8+ Kh7 27.
Bd2 Kg7 28. Rf2 Rb3 29. Bg2 Nbc6 30. Rc1 Rd8 31. Bxc6 Nd3 32. Bc3+ Kh6 33. Rcc2
Nxf2 34. Kxf2 Rf8+ 35. Ke2 Rf5 36. Be4 Rfb5 37. Bd2+ Kg7 38. Be3 a5 39. Rxc7 Kf7
40. Bc2 Rb2 41. Bd4 Ra2 42. Rc6 a4 43. Kd2 Rb8 44. Kc1 Ke8 45. Rxg6 Rb4 46. Bc3
Rc4 47. Kd2 Ra3 48. Bb2 Ra2 49. Rb6 Kd7 50. Bb1 Rc6 51. Rb7+ Kc8 52. Rb5 1-0

[Event "Chigorin Memorial Open"]
[Site "St Petersburg RUS"]
[Date "2011.10.18"]
[Round "5.26"]
[White "Duzhakov, Ilya"]
[Black "Mastrovasilis, Athanasios"]
[Result "0-1"]
[WhiteTitle "FM"]
[BlackTitle "GM"]
[WhiteElo "2325"]
[BlackElo "2529"]
[WhiteFideId "4192516"]
[BlackFideId "4201990"]
[EventDate "2011.10.14"]

1. d4 Nf6 2. c4 e6 3. Nf3 d5 4. g3 dxc4 5. Bg2 a6 6. Ne5 Bb4+ 7. Nc3 Nd5 8. O-O
Nxc3 9. bxc3 Bxc3 10. Rb1 Qxd4 11. Qa4+ b5 12. Rxb5 axb5 13. Qxb5+ Nd7 14. Bf4
Ra5 0-1

[Event "Chigorin Memorial Open"]
[Site "St Petersburg RUS"]
[Date "2011.10.18"]
[Round "5.27"]
[White "Yevseev, Denis"]
[Black "Pimenov, Revolt"]
[Result "1-0"]
[WhiteTitle "GM"]
[WhiteElo "2529"]
[BlackElo "2179"]
[WhiteFideId "4126378"]
[BlackFideId "4146590"]
[EventDate "2011.10.14"]

1. Nf3 Nf6 2. c4 b6 3. g3 Bb7 4. Bg2 g6 5. d4 Bg7 6. O-O O-O 7. Re1 c5 8. d5 b5
9. e4 bxc4 10. Nc3 e6 11. Bg5 h6 12. Bxf6 Qxf6 13. e5 Qf5 14. Nh4 Qd3 15. Qc1 g5
16. Be4 Qd4 17. Nf3 f5 18. Nxd4 cxd4 19. Bg2 dxc3 20. Qxc3 exd5 21. Rad1 d6 22.
Qb4 1-0

[Event "Chigorin Memorial Open"]
[Site "St Petersburg RUS"]
[Date "2011.10.18"]
[Round "5.28"]
[White "Shurunov, Arseny"]
[Black "Khismatullin, Denis"]
[Result "0-1"]
[WhiteTitle "FM"]
[BlackTitle "GM"]
[WhiteElo "2219"]
[BlackElo "2635"]
[WhiteFideId "24111570"]
[BlackFideId "4142578"]
[EventDate "2011.10.14"]

1. d4 Nf6 2. c4 e6 3. Nf3 d5 4. Nc3 Bb4 5. cxd5 exd5 6. Bg5 h6 7. Bxf6 Qxf6 8.
Qa4+ Nc6 9. e3 O-O 10. Bd3 Bg4 11. Ne5 Nxe5 12. dxe5 Qb6 13. O-O Be6 14. e4 dxe4
15. Bxe4 Rfd8 16. Rad1 c6 17. Bb1 Be7 18. Qc2 g6 19. Ne4 Rd4 20. Qc3 Rad8 21.
Nd6 c5 22. Rc1 Bxd6 23. exd6 c4 24. Qe3 R4xd6 25. Qxb6 Rxb6 26. Rc2 Rd5 27. Rxc4
Rd2 28. Rcc1 Rbxb2 29. a4 Kg7 30. Rc7 Bd5 31. a5 a6 32. Rc5 Bc6 33. h3 f5 34. h4
h5 35. Rc3 Bb5 36. Re1 Rxf2 37. Rg3 Bc6 0-1

[Event "Chigorin Memorial Open"]
[Site "St Petersburg RUS"]
[Date "2011.10.18"]
[Round "5.30"]
[White "Chekhov, Sergei"]
[Black "Zvjaginsev, Vadim"]
[Result "0-1"]
[WhiteTitle "FM"]
[BlackTitle "GM"]
[WhiteElo "2414"]
[BlackElo "2666"]
[WhiteFideId "4195639"]
[BlackFideId "4113403"]
[EventDate "2011.10.14"]

1. e4 d6 2. d4 Nf6 3. Nc3 g6 4. f4 Bg7 5. Nf3 O-O 6. e5 dxe5 7. dxe5 Qxd1+ 8.
Kxd1 Rd8+ 9. Ke1 Ne8 10. Be3 Nc6 11. Bb5 Nb4 12. Rc1 c6 13. Ba4 Nc7 14. Bc5 Nbd5
15. Nxd5 Nxd5 16. g3 Bg4 17. Kf2 b6 18. Be3 c5 19. Rcd1 Nxe3 20. Kxe3 f6 21.
exf6 exf6 22. Rxd8+ Rxd8 23. c3 Be6 24. Bb3 c4 25. Ba4 Rd3+ 26. Ke2 Rxf3 0-1

[Event "Chigorin Memorial Open"]
[Site "St Petersburg RUS"]
[Date "2011.10.18"]
[Round "5.31"]
[White "Yuffa, Daniil"]
[Black "Matlakov, Maxim"]
[Result "0-1"]
[WhiteTitle "FM"]
[BlackTitle "GM"]
[WhiteElo "2378"]
[BlackElo "2630"]
[WhiteFideId "24131423"]
[BlackFideId "4168003"]
[EventDate "2011.10.14"]

1. c4 Nf6 2. Nc3 e6 3. Nf3 d5 4. cxd5 exd5 5. d4 Bb4 6. Qa4+ Nc6 7. Ne5 Bd7 8.
Nxc6 Bxc3+ 9. bxc3 Bxc6 10. Qa3 Ne4 11. Bf4 Qf6 12. Bg3 h5 13. f3 Nxg3 14. hxg3
h4 15. Qc1 O-O-O 16. g4 Bd7 17. Qd2 Rde8 18. O-O-O Re6 19. Kb2 Qe7 20. g3 Bb5
21. e3 Bxf1 22. Rdxf1 Rxe3 23. Re1 Rxe1 24. Rxe1 Qf6 25. gxh4 Qxf3 26. Qh2 Rd8
27. Qe2 Qg3 28. h5 a6 29. Rf1 f6 30. h6 gxh6 31. Rxf6 Kb8 32. Qe7 Rc8 33. Rxh6
Qg2+ 34. Kb3 Qxg4 35. Rh7 Qd1+ 36. Kb2 Qd2+ 37. Kb3 a5 38. Rh3 Rg8 39. Re3 Qd1+
40. Ka3 Qc1+ 41. Ka4 Qb2 42. a3 Qc2+ 43. Kxa5 b6+ 44. Kb4 Qb2+ 45. Ka4 Kb7 0-1

[Event "Chigorin Memorial Open"]
[Site "St Petersburg RUS"]
[Date "2011.10.18"]
[Round "5.34"]
[White "Monin, Nikolay"]
[Black "Jumabayev, Rinat"]
[Result "0-1"]
[WhiteTitle "IM"]
[BlackTitle "GM"]
[WhiteElo "2365"]
[BlackElo "2589"]
[WhiteFideId "4104013"]
[BlackFideId "13702661"]
[EventDate "2011.10.14"]

1. d4 Nf6 2. Nf3 g6 3. Bf4 Bg7 4. e3 d6 5. c4 c5 6. Nc3 O-O 7. h3 Qa5 8. Qd2
cxd4 9. exd4 Nc6 10. Be2 e5 11. Be3 exd4 12. Nxd4 Nxd4 13. Bxd4 Ne4 14. Nxe4
Qxd2+ 15. Kxd2 Bxd4 16. Kc2 Be5 17. Rad1 Bf5 18. f3 Rfc8 19. b3 b5 20. g4 bxc4
21. gxf5 cxb3+ 22. Kxb3 gxf5 23. Nxd6 Bxd6 24. Rxd6 Rab8+ 25. Ka4 Rc2 26. Bb5
Rxa2+ 27. Kb3 Ra5 28. Rg1+ Kf8 29. Rh6 Raxb5+ 30. Kc4 Rb4+ 31. Kc3 Rb3+ 32. Kc4
R8b4+ 33. Kc5 Rb1 34. Rxb1 Rxb1 35. Rxh7 Rf1 36. Kd5 Rxf3 37. Ke5 Ke7 38. Rh8 a5
39. Ra8 f6+ 40. Kd5 Rd3+ 41. Kc4 Ra3 42. Kd5 Kf7 43. h4 Kg6 44. Rg8+ Kh7 45. Rg1
Re3 46. h5 Kh6 47. Rg6+ Kxh5 48. Rxf6 Kg4 0-1

[Event "Chigorin Memorial Open"]
[Site "St Petersburg RUS"]
[Date "2011.10.18"]
[Round "5.35"]
[White "Egorov, Dmitry"]
[Black "Papin, Vasily"]
[Result "1/2-1/2"]
[WhiteTitle "FM"]
[BlackTitle "GM"]
[WhiteElo "2353"]
[BlackElo "2583"]
[WhiteFideId "4128303"]
[BlackFideId "4143183"]
[EventDate "2011.10.14"]

1. e4 c5 2. Nf3 Nc6 3. c3 Nf6 4. d3 e5 5. Bg5 d5 6. Nbd2 Be6 7. Be2 Be7 8. O-O
O-O 9. Re1 d4 10. Nf1 h6 11. Bh4 Qb6 12. Qc2 Rac8 13. N3d2 Qa6 14. c4 b6 15. Qd1
Qb7 16. a3 a6 17. Bxf6 Bxf6 18. Bg4 Rfe8 19. g3 Rc7 20. Bxe6 fxe6 21. Qg4 Rf7
22. Re2 Kh7 23. h4 Qd7 24. Nh2 Ref8 25. Rf1 b5 26. f4 Bd8 27. f5 exf5 28. exf5
Rxf5 29. Ref2 Ne7 30. b3 h5 31. Qe2 bxc4 32. bxc4 g6 33. Ne4 Rxf2 34. Rxf2 Nf5
35. g4 Bxh4 36. Rf1 hxg4 37. Qxg4 Qe7 38. Nf3 Bf6 39. Rb1 Nh6 40. Qh3 Kg7 41.
Rb6 Nf5 42. Qh2 Nh4 43. Nxh4 Bxh4 44. Qg2 g5 45. Qg4 Qf7 46. Rf6 Qb7 47. Rxf8
Kxf8 48. Qf5+ Qf7 49. Qxe5 Qf3 50. Qxc5+ Kf7 51. Qd5+ Kf8 52. Qa8+ Kg7 53. Qb7+
Kf8 54. Qc8+ Ke7 55. Qc5+ Kf7 56. Qd5+ Kf8 57. Qd8+ Kf7 58. Qd7+ Kf8 1/2-1/2

[Event "Chigorin Memorial Open"]
[Site "St Petersburg RUS"]
[Date "2011.10.18"]
[Round "5.36"]
[White "Maletin, Pavel"]
[Black "Vlasenko, Miroslav"]
[Result "0-1"]
[WhiteTitle "GM"]
[BlackTitle "IM"]
[WhiteElo "2579"]
[BlackElo "2382"]
[WhiteFideId "4146786"]
[BlackFideId "4151887"]
[EventDate "2011.10.14"]

1. d4 Nc6 2. d5 Ne5 3. e4 e6 4. f4 Ng6 5. dxe6 dxe6 6. Qxd8+ Kxd8 7. Nf3 Bc5 8.
Nc3 Bd7 9. Bd3 Nh6 10. e5 Bc6 11. Ne4 Bb6 12. Ke2 Nf5 13. Bd2 Ke7 14. Bb4+ Ke8
15. g3 Rd8 16. Bc3 h5 17. a4 h4 18. Nfg5 hxg3 19. hxg3 Nxg3+ 20. Nxg3 Nxf4+ 21.
Kd2 Bxh1 22. Rxh1 Rxh1 23. Nxh1 Nd5 24. Nf3 g5 25. a5 Be3+ 26. Ke2 g4 27. Nh2
Nxc3+ 28. bxc3 g3 29. Nxg3 Bf4 30. Nhf1 Bxe5 31. Ne4 Rd5 32. a6 bxa6 33. Ne3 Ra5
34. Nc4 Rb5 35. Ne3 Rb1 36. Bxa6 Ke7 37. Bd3 f5 38. Nd2 Rh1 39. Nf3 Bf6 40. Nd4
Bxd4 41. cxd4 a5 42. Bb5 Ra1 43. c3 Ra2+ 44. Kd3 f4 45. Nc4 f3 46. Nd2 f2 47.
Ke3 Rb2 48. Bc4 a4 49. Ne4 Rc2 50. Bd3 a3 0-1

[Event "Chigorin Memorial Open"]
[Site "St Petersburg RUS"]
[Date "2011.10.18"]
[Round "5.38"]
[White "Shomoev, Anton"]
[Black "Derbenev, Andrey"]
[Result "1-0"]
[WhiteTitle "GM"]
[WhiteElo "2577"]
[BlackElo "2353"]
[WhiteFideId "4135148"]
[BlackFideId "4154169"]
[EventDate "2011.10.14"]

1. d4 Nf6 2. c4 e6 3. Nc3 c5 4. d5 exd5 5. cxd5 d6 6. Nf3 g6 7. Bf4 a6 8. a4 Bg7
9. h3 O-O 10. e3 Nh5 11. Bh2 f5 12. Be2 f4 13. O-O fxe3 14. fxe3 Qe7 15. Nd2
Qxe3+ 16. Kh1 Ng3+ 17. Bxg3 Qxg3 18. Rxf8+ Bxf8 19. Nce4 Qh4 20. Qb3 Nd7 21. Bg4
Nf6 22. Nf3 1-0

[Event "Chigorin Memorial Open"]
[Site "St Petersburg RUS"]
[Date "2011.10.18"]
[Round "5.39"]
[White "Shimanov, Aleksandr"]
[Black "Gubernatorov, Sergey"]
[Result "1-0"]
[WhiteTitle "GM"]
[BlackTitle "FM"]
[WhiteElo "2565"]
[BlackElo "2311"]
[WhiteFideId "4198603"]
[BlackFideId "4148215"]
[EventDate "2011.10.14"]

1. Nf3 g6 2. d4 Nf6 3. c4 Bg7 4. Nc3 d5 5. Bf4 O-O 6. e3 c5 7. dxc5 Be6 8. Nd4
Nc6 9. Nxe6 fxe6 10. Be2 Qa5 11. O-O Qxc5 12. Na4 Qa5 13. a3 dxc4 14. Bxc4 Nd5
15. b4 Qd8 16. Bg3 b6 17. Rc1 Ne5 18. Bb3 Kh8 19. Qd2 g5 20. Rfd1 Qe8 21. Bxd5
Rd8 22. Bc6 Rxd2 23. Bxe8 Rxd1+ 24. Rxd1 Rxe8 25. Rc1 Rd8 26. Kf1 Kg8 27. Ke2
Kf7 28. Rc7 b5 29. Nc5 Nc4 30. Ne4 h6 31. Rxa7 Rd5 32. f3 Bb2 33. a4 bxa4 34.
Rxa4 Bc1 35. Bf2 Rb5 36. Nc3 Rb7 37. b5 Nd6 38. Rb4 Ba3 39. Rb3 Bc5 40. Na4 Bb6
41. Bg3 Ba5 42. b6 Ke8 43. Bxd6 exd6 44. Rb5 1-0

[Event "Chigorin Memorial Open"]
[Site "St Petersburg RUS"]
[Date "2011.10.18"]
[Round "5.40"]
[White "Rychagov, Andrey"]
[Black "Tsydypov, Zhamsaran"]
[Result "1-0"]
[WhiteTitle "GM"]
[WhiteElo "2556"]
[BlackElo "2288"]
[WhiteFideId "4119932"]
[BlackFideId "4108566"]
[EventDate "2011.10.14"]

1. d4 Nf6 2. c4 g6 3. g3 Bg7 4. Bg2 O-O 5. Nc3 d6 6. Nf3 Nc6 7. O-O Bf5 8. d5
Na5 9. Nd4 Bd7 10. Qd3 c5 11. Nc2 a6 12. Rb1 Rb8 13. b3 b5 14. Bd2 e6 15. dxe6
Bxe6 16. Ne3 Nd7 17. Ncd5 Nc6 18. Bc3 Nd4 19. Qd2 Re8 20. Ba5 Qc8 21. Bc7 Bxd5
22. Nxd5 Nxe2+ 23. Kh1 bxc4 24. Bxb8 c3 25. Qd3 Qxb8 26. Rbe1 Nd4 27. Rxe8+ Qxe8
28. Nxc3 Nb8 29. Qd2 h5 30. Re1 Qd8 31. Qe3 Kf8 32. Qd3 h4 33. Nd5 Nbc6 34. Qxa6
Bh6 35. Qb6 Qxb6 36. Nxb6 Nb4 37. Bd5 Bg5 38. Bc4 Bd8 39. Nd5 Nbc2 40. Rd1 Na3
41. Kg2 hxg3 42. hxg3 Ba5 43. Bd3 Kg7 44. Ne3 Bb4 45. Rh1 Kg8 46. Rh4 Kg7 47.
Re4 Ne6 48. Nd5 Bd2 49. Ra4 1-0

[Event "Chigorin Memorial Open"]
[Site "St Petersburg RUS"]
[Date "2011.10.18"]
[Round "5.41"]
[White "Pasiev, Rakhim"]
[Black "Al-Sayed, Mohammed"]
[Result "0-1"]
[WhiteTitle "FM"]
[BlackTitle "GM"]
[WhiteElo "2306"]
[BlackElo "2519"]
[WhiteFideId "24122475"]
[BlackFideId "12100196"]
[EventDate "2011.10.14"]

1. e4 c5 2. Nf3 d6 3. d4 cxd4 4. Nxd4 Nf6 5. Nc3 a6 6. Be2 g6 7. Be3 Nbd7 8. Qd2
b5 9. O-O-O Bb7 10. f3 e5 11. Nb3 b4 12. Nd5 Nxd5 13. exd5 a5 14. Kb1 Qc7 15.
Bb5 Bg7 16. Bh6 O-O 17. Bxg7 Kxg7 18. Bxd7 Qxd7 19. h4 h6 20. Nc1 Rfc8 21. Nd3
Bxd5 22. Nxb4 Be6 23. Nd5 Rab8 24. h5 g5 25. g3 Qc6 26. Rh2 Rb5 27. Ne3 d5 28.
Qd3 d4 29. Nf5+ Bxf5 30. Qxf5 Rxb2+ 31. Kxb2 Qc3+ 32. Kc1 Qa3+ 0-1

[Event "Chigorin Memorial Open"]
[Site "St Petersburg RUS"]
[Date "2011.10.18"]
[Round "5.42"]
[White "Obolenskikh, Dmitry"]
[Black "Donskov, Anatoly"]
[Result "1-0"]
[WhiteElo "2500"]
[BlackElo "2286"]
[WhiteFideId "4156013"]
[BlackFideId "24143413"]
[EventDate "2011.10.14"]

1. e4 c5 2. Ne2 Nc6 3. g3 d5 4. Bg2 dxe4 5. Bxe4 Nf6 6. Bg2 g6 7. Nbc3 Bg7 8. d3
O-O 9. O-O Qd7 10. a3 b6 11. Ne4 Bb7 12. Nxf6+ Bxf6 13. Nc3 Nd4 14. Be3 Bxg2 15.
Kxg2 Nb5 16. Nxb5 Qxb5 17. Rb1 c4 18. dxc4 Qxc4 19. c3 b5 20. Qf3 a5 21. Rfd1
Rad8 22. Bb6 Rxd1 23. Rxd1 a4 24. Bd4 Bg5 25. h4 Bh6 26. Re1 Qc7 27. Re5 Rb8 28.
Rc5 Qd7 29. Rd5 Qe8 30. Qe4 Bf8 31. Qe5 f6 32. Qe6+ Qf7 33. Qc6 e5 34. Be3 Qb7
35. Qe6+ Qf7 36. Qxf7+ Kxf7 37. Rd7+ Ke6 38. Rxh7 Kd5 39. Rc7 f5 40. Kf3 e4+ 41.
Ke2 Ke6 42. Rc6+ Kf7 43. Bd4 Be7 44. Ke3 Rd8 45. Kf4 Rd5 46. Ke3 Rd7 47. c4 Rb7
48. cxb5 Rxb5 49. Ra6 Rb3+ 50. Ke2 Rd3 51. Rxa4 g5 52. hxg5 Bxg5 53. Bc3 Rf3 54.
Rb4 Be7 55. Rb7 Ke6 56. Bd4 Bg5 57. Rb5 Rd3 58. Re5+ Kd6 59. Rxf5 Bd2 60. Bg7
Ke6 61. Re5+ Kf7 62. Rxe4 Rb3 63. Kxd2 1-0

[Event "Chigorin Memorial Open"]
[Site "St Petersburg RUS"]
[Date "2011.10.18"]
[Round "5.43"]
[White "Levin, Evgeny A."]
[Black "Goikhman, Valentin"]
[Result "1-0"]
[WhiteTitle "GM"]
[WhiteElo "2481"]
[BlackElo "2261"]
[WhiteFideId "4182596"]
[BlackFideId "2806800"]
[EventDate "2011.10.14"]

1. d4 d5 2. c4 c6 3. Nf3 Nf6 4. e3 e6 5. Bd3 Nbd7 6. O-O Bd6 7. Nbd2 O-O 8. e4
e5 9. cxd5 cxd5 10. Re1 Re8 11. exd5 exd4 12. Rxe8+ Qxe8 13. Nc4 Bc5 14. a3 a5
15. Bd2 a4 16. Qc2 Nf8 17. Re1 Qd8 18. Nce5 b6 19. Ng5 1-0

[Event "Chigorin Memorial Open"]
[Site "St Petersburg RUS"]
[Date "2011.10.18"]
[Round "5.46"]
[White "Kulagin, Sergey"]
[Black "Tokabayev, A"]
[Result "1-0"]
[WhiteElo "2128"]
[BlackElo "1950"]
[WhiteFideId "4193253"]
[BlackFideId "13705210"]
[EventDate "2011.10.14"]

1. e4 e5 2. Bc4 Nf6 3. d3 Bc5 4. Nf3 Nc6 5. O-O O-O 6. c3 d6 7. Bb3 Bb6 8. Nbd2
a6 9. h3 h6 10. Re1 Nh5 11. Nf1 Qf6 12. Be3 Ba7 13. d4 Nf4 14. Ng3 g6 15. dxe5
dxe5 16. Nh2 h5 17. Qf3 Kg7 18. Rad1 Na5 19. Ne2 Bxe3 20. Qxe3 Nxb3 21. axb3 Be6
22. c4 b5 23. Qc5 Rfd8 24. Nxf4 Qxf4 25. Qxc7 Rxd1 26. Rxd1 Qxe4 27. Nf3 Bxh3
28. Re1 Qg4 29. Qxe5+ Kg8 30. Qh2 Bxg2 31. Qxg2 bxc4 32. Qxg4 hxg4 33. Ne5 cxb3
34. Nxg4 a5 35. Ra1 Rc8 36. Ne3 Rd8 37. Nc4 1-0

[Event "Chigorin Memorial Open"]
[Site "St Petersburg RUS"]
[Date "2011.10.18"]
[Round "5.47"]
[White "Pavlov, Aleksandr"]
[Black "Airapetian, Gor"]
[Result "1-0"]
[BlackTitle "IM"]
[WhiteElo "2303"]
[BlackElo "2463"]
[WhiteFideId "4119924"]
[BlackFideId "4177916"]
[EventDate "2011.10.14"]

1. d4 d5 2. c4 c6 3. Nf3 Nf6 4. Nc3 a6 5. e3 b5 6. b3 Bg4 7. Be2 e6 8. h3 Bf5 9.
g4 Bg6 10. Ne5 Nfd7 11. Nxg6 hxg6 12. Bd3 bxc4 13. bxc4 dxc4 14. Bxc4 Nb6 15.
Bb3 N8d7 16. Kf1 Nf6 17. Qf3 Rc8 18. g5 Nfd5 19. Ne4 Rh4 20. Bd2 Be7 21. Ba5
Bxg5 22. Bxd5 Qxd5 23. Nxg5 Qb5+ 24. Kg2 Qxg5+ 25. Qg3 Qd5+ 26. Kh2 Rxh3+ 27.
Qxh3 Qxa5 28. Rhc1 Qd2 29. Kg1 Qe2 30. Rab1 Nd5 31. Rb7 Qh5 32. Qg3 Ne7 33. Rcb1
Qa5 34. Qh4 Rc7 35. Qh8+ Kd7 36. Rxc7+ Qxc7 37. Qa8 Qa5 38. Rb7+ 1-0

[Event "Chigorin Memorial Open"]
[Site "St Petersburg RUS"]
[Date "2011.10.18"]
[Round "5.48"]
[White "Goryachkina, Aleksandra"]
[Black "Nozdrachev, Vladislav"]
[Result "1/2-1/2"]
[WhiteTitle "WFM"]
[BlackTitle "FM"]
[WhiteElo "2248"]
[BlackElo "2463"]
[WhiteFideId "4147103"]
[BlackFideId "24113441"]
[EventDate "2011.10.14"]

1. d4 Nf6 2. c4 e6 3. g3 c5 4. d5 exd5 5. cxd5 d6 6. Nc3 g6 7. Bg2 Bg7 8. Nf3
O-O 9. O-O Nbd7 10. Bf4 Ne8 11. Qc1 a6 12. a4 Rb8 13. Rb1 b5 14. axb5 axb5 15.
b4 cxb4 16. Na2 b3 17. Nb4 b2 18. Rxb2 Bxb2 19. Qxb2 Qf6 20. Qc1 Bb7 21. Bg5 Qg7
22. Bh6 Qf6 23. Bg5 Qh8 24. Be7 Nc5 25. Qf4 Ra8 26. Nd4 Ra4 27. Nxb5 Na6 28. Qh6
Qg7 29. Bxf8 Kxf8 30. Qxg7+ Kxg7 31. Nc6 Nc5 32. Rb1 Ba6 33. Bf3 Bxb5 34. Rxb5
Nc7 35. Rb4 Ra1+ 36. Kg2 Rd1 37. Rd4 Rxd4 38. Nxd4 f5 39. Nc6 Kf6 40. Na5 Ke7
41. Nc4 Nb3 42. e4 fxe4 43. Bxe4 Nc5 44. f3 Na4 45. Kf2 Nc3 46. Nb6 Na6 47. Ke3
Nc5 48. Bc2 Nd7 49. Nxd7 Kxd7 50. Kd4 Nb5+ 51. Kc4 Nc7 52. h4 Ke7 53. h5 Kf6 54.
h6 Kg5 55. Be4 Kxh6 56. Kb4 Kg5 57. Ka5 Ne8 58. Kb6 Kf6 59. Kc6 Ke7 60. g4 h5
61. Bxg6 h4 62. g5 h3 63. f4 h2 64. Be4 Ng7 65. Bf3 Nf5 66. Bh1 Ng3 67. Bg2 Ne2
68. g6 Nd4+ 69. Kc7 Nf5 70. Be4 Ng7 71. Bh1 Nh5 72. Kc6 Ng3 73. Bg2 Nf5 74. Be4 1/2-1/2

[Event "Chigorin Memorial Open"]
[Site "St Petersburg RUS"]
[Date "2011.10.18"]
[Round "5.50"]
[White "Balaian, Alina"]
[Black "Malakhov, Igor"]
[Result "1/2-1/2"]
[BlackTitle "FM"]
[WhiteElo "2188"]
[BlackElo "2428"]
[WhiteFideId "24115347"]
[BlackFideId "4183088"]
[EventDate "2011.10.14"]

1. e4 c5 2. Nf3 e6 3. Nc3 a6 4. d4 cxd4 5. Nxd4 b5 6. Bd3 Qb6 7. Nf3 Qc7 8. O-O
Bb7 9. Re1 Be7 10. e5 f5 11. Nh4 g6 12. Nf3 Nc6 13. Be3 b4 14. Na4 Nxe5 15. Nxe5
Qxe5 16. Nb6 Rd8 17. c3 bxc3 18. bxc3 Nf6 19. Qa4 Qc7 20. Rab1 O-O 21. h3 Ne4
22. Qc4 Qxc4 23. Nxc4 Ba8 24. Bd4 Bf6 25. Bxe4 Bxe4 26. Rb6 Bxd4 27. cxd4 Rb8
28. Rd6 Rfc8 29. Ne5 Rb2 30. Rxa6 Rcc2 31. Rf1 Rxa2 32. Rd6 Bc6 33. Nxc6 dxc6
34. Rxe6 Kf7 35. Re3 Kf6 36. g3 f4 37. Rf3 g5 38. gxf4 Ra4 39. fxg5+ Kxg5 40.
Rd1 Kg6 41. d5 cxd5 42. Rxd5 Rc6 43. Rd7 Rh4 44. Kg2 Rf6 45. Rxf6+ Kxf6 46. Kg3
Rh5 47. f4 Kg6 48. Kg4 Ra5 49. Rd6+ Kg7 50. f5 Ra1 51. Re6 Rg1+ 52. Kf4 Rf1+ 53.
Ke5 Re1+ 54. Kd6 Rf1 55. Re7+ Kf6 56. Rxh7 Rd1+ 57. Kc5 Kxf5 1/2-1/2

[Event "Chigorin Memorial Open"]
[Site "St Petersburg RUS"]
[Date "2011.10.18"]
[Round "5.51"]
[White "Ajrapetian, Gevorg"]
[Black "Pershin, Denis"]
[Result "1-0"]
[WhiteTitle "IM"]
[WhiteElo "2420"]
[BlackElo "1984"]
[WhiteFideId "4174232"]
[BlackFideId "24165506"]
[EventDate "2011.10.14"]

1. e4 c5 2. Nf3 Nc6 3. d3 g6 4. g3 Bg7 5. Bg2 e6 6. O-O Nge7 7. Re1 d6 8. c3 O-O
9. Na3 a6 10. Nc2 b6 11. d4 cxd4 12. cxd4 d5 13. e5 b5 14. h4 Nf5 15. Ne3 Qb6
16. Nxf5 gxf5 17. Bf4 Bb7 18. Qd2 Qa5 19. Qe3 Rfc8 20. a3 Qd8 21. h5 Bf8 22. Nh2
Kh8 23. g4 fxg4 24. Nxg4 Qh4 25. Nf6 Be7 26. Bg3 Qxd4 27. Qh6 Bxf6 28. Qxf6+ Kg8
29. Bh3 Qb6 30. h6 Kf8 31. Bxe6 Nd8 32. Bxc8 1-0

[Event "Chigorin Memorial Open"]
[Site "St Petersburg RUS"]
[Date "2011.10.18"]
[Round "5.52"]
[White "Nasybullina, Alfia"]
[Black "Nezad, Husein Aziz"]
[Result "0-1"]
[BlackTitle "IM"]
[WhiteElo "1978"]
[BlackElo "2414"]
[WhiteFideId "4132416"]
[BlackFideId "12100293"]
[EventDate "2011.10.14"]

1. d4 d5 2. c4 e6 3. Nf3 Nf6 4. Bg5 Be7 5. e3 O-O 6. Nc3 Nbd7 7. Bd3 dxc4 8.
Bxc4 a6 9. a4 c5 10. O-O cxd4 11. Nxd4 Qa5 12. Bh4 Ne5 13. Be2 Ng6 14. Bxf6 Bxf6
15. Ne4 Be7 16. Qd2 Bb4 17. Qc2 Bd7 18. Nb3 Qe5 19. Qc4 a5 20. Qd4 Bc6 21. Qxe5
Nxe5 22. Nec5 Rfd8 23. f4 Ng6 24. Nd3 Nh4 25. g3 Nf5 26. Kf2 Nd6 27. Bf3 Nc4 28.
Bxc6 Rxd3 29. Bxb7 Ra7 30. Rfc1 Rxb3 0-1

[Event "Chigorin Memorial Open"]
[Site "St Petersburg RUS"]
[Date "2011.10.18"]
[Round "5.53"]
[White "Korchmar, Vasiliy"]
[Black "Epishin, Vladimir"]
[Result "0-1"]
[BlackTitle "GM"]
[WhiteElo "2253"]
[BlackElo "2544"]
[WhiteFideId "24131750"]
[BlackFideId "4162714"]
[EventDate "2011.10.14"]

1. e4 c5 2. Nf3 d6 3. d4 Nf6 4. Nc3 cxd4 5. Nxd4 Nc6 6. Bc4 Qb6 7. Nb3 e6 8. Be3
Qc7 9. Be2 Be7 10. O-O O-O 11. f4 Rd8 12. Bf3 d5 13. e5 Ne4 14. Nb5 Qb8 15. c3
b6 16. N5d4 Qc7 17. Nxc6 Qxc6 18. Nd4 Qe8 19. Be2 Bd7 20. Bd3 Rac8 21. Qe2 Bc5
22. Rf3 g6 23. Raf1 Rc7 24. Rh3 b5 25. g4 Qe7 26. g5 b4 27. cxb4 Bxd4 28. Bxd4
Qxb4 29. Qe3 Bb5 30. a3 Qa4 31. Rh6 Rdc8 32. Bxb5 Qxb5 33. Rh3 Rc2 34. Qd3 Qa4
35. Re3 Rd2 0-1